000 00710nam a2200241Ia 4500
003 OSt
005 20230429100534.0
008 210423s2017 xx 000 0 und d
020 _a978-0-393-61458-9
040 _cAL
041 _aeng
082 _a810.8
_223
_bLEVN
100 _aLEVINE (Robert S)
_994912
245 _aNorton anthology of American literature: literature since 1945 Vol E Ed 9
250 _a9
260 _aNew York
_bW W Norton & Co.,
_c2017
300 _axxxv,1180,E43
_bPB
365 _b2033.96
_cUSD
440 _vE
650 _aAmerican Literature
_994913
906 _a1945 ; 9 ; American ; anthology ; E ; literature ; literature: ; Norton ; since ; Vol
942 _2ddc
_cBK
999 _c170407
_d170407